000 00689nam a2200241Ia 4500
003 OSt
005 20221007071231.0
006 a|||||r|||| 00| 0
007 ta
008 221006b |||||||| |||| 00| 0 eng d
024 _a17,013
037 _cTextual
040 _aFLL
_cFLL
_beng
041 _2eng
_aeng
082 _aY112:45, K9
100 _aRosenberg B. Au.
_9688373
245 0 _aVarieties of delinquent experience
260 _aLondon
_bBlaisdell publishing company England
_c1969
300 _a165p
_ccm.
700 _a Silverstein H. Au.
_9688374
942 _hY112:45, K9
_cTEXL
_2CC
999 _c1142821
_d1142821